000 00266nam a2200097Ia 4500
008 190216s9999||||xx |||||||||||||| ||und||
100 _aDavid Green
245 0 _aContemporary English Gramer Structure And Composition
260 _bMac Millian And Com. Ltd
942 _cBK
999 _c15183
_d15183